| Tag |
First Indicator |
Second Indicator |
Subfields |
| LEADER |
00000cam a22000001a 4500 |
| 001 |
in00004102321 |
| 005 |
20200117092832.0 |
| 006 |
m d f |
| 007 |
cr bn mmmapmmp |
| 008 |
120203s2011 mdu ob f000 0 eng d |
| 035 |
|
|
|a chdc20120635
|
| 040 |
|
|
|a UMI
|c UMI
|d UtOrBLW
|
| 043 |
|
|
|a n-us---
|
| 086 |
0 |
|
|a Y 4.J 89/1:112-59
|
| 110 |
1 |
|
|a United States.
|b Congress.
|b House.
|b Committee on the Judiciary.
|b Subcommittee on Crime, Terrorism, and Homeland Security.
|0 http://id.loc.gov/authorities/names/no2002088204
|
| 245 |
1 |
0 |
|a Going dark :
|b lawful electronic surveillance in the face of new technologies : hearing before the Subcommittee on Crime, Terrorism, and Homeland Security of the Committee on the Judiciary, House of Representatives, One Hundred Twelfth Congress, first session, February 17, 2011.
|
| 246 |
3 |
|
|a Lawful electronic surveillance in the face of new technologies
|
| 264 |
|
1 |
|a Bethesda, Md. :
|b ProQuest,
|c 2011.
|
| 300 |
|
|
|a iii, 79 pages, digital, PDF file.
|
| 336 |
|
|
|a text
|b txt
|2 rdacontent
|
| 337 |
|
|
|a computer
|b c
|2 rdamedia
|
| 338 |
|
|
|a online resource
|b cr
|2 rdacarrier
|
| 500 |
|
|
|a Shipping list number: 2012-0075-P.
|
| 504 |
|
|
|a Includes bibliographical references.
|
| 500 |
|
|
|a "Serial number 112-59."
|
| 500 |
|
|
|a Record is based on bibliographic data in ProQuest Congressional Hearings Digital Collection. Reuse except for individual research requires license from ProQuest, LLC.
|
| 500 |
|
|
|a Electronic resource.
|
| 533 |
|
|
|a Electronic reproduction.
|b [Bethesda, Md.] :
|c ProQuest,
|d 2012.
|e digital, PDF file.
|n ProQuest Congressional Hearings Digital Collection.
|n Mode of access: World Wide Web via ProQuest website.
|
| 538 |
|
|
|a System requirements: PDF reader software.
|
| 650 |
|
0 |
|a Law enforcement
|z United States.
|0 http://id.loc.gov/authorities/subjects/sh2008106750
|
| 650 |
|
0 |
|a Electronic surveillance
|x Technological innovations
|z United States.
|
| 650 |
|
0 |
|a Electronics in criminal investigation
|z United States.
|
| 650 |
|
0 |
|a Privacy, Right of
|z United States.
|0 http://id.loc.gov/authorities/subjects/sh2008108965
|
| 776 |
0 |
8 |
|i Print version:
|a United States. Congress. House. Committee on the Judiciary. Subcommittee on Crime, Terrorism, and Homeland Security.
|t Going dark
|w 2011506612
|w (OCoLC)ocn768490290
|z 9780160899805
|z 016089980X
|
| 776 |
0 |
8 |
|i Microfiche version:
|a United States. Congress. House. Committee on the Judiciary. Subcommittee on Crime, Terrorism, and Homeland Security.
|t Going dark
|d [Bethesda, Md.] : ProQuest,[2012]
|o CIS 2012 H521-1
|w (ProQuest)cis01200958
|
| 856 |
4 |
0 |
|u http://proxy.library.tamu.edu/login?url=http://search.proquest.com/congcomp/getdoc?HEARING-ID=HRG-2011-HJH-0057
|y Electronic resource (PDF)
|t 0
|
| 998 |
|
|
|a cis01200958
|
| 999 |
f |
f |
|s f417c192-a0f4-3a6a-8999-659dad7eda16
|i a77624e0-8095-3bf8-a94d-8c0640ff1923
|t 0
|
| 952 |
f |
f |
|a Texas A&M University
|b College Station
|c Electronic Resources
|d Available Online
|t 0
|e Y 4.J 89/1:112-59
|h Superintendent of Documents classification
|
| 998 |
f |
f |
|a Y 4.J 89/1:112-59
|t 0
|l Available Online
|